Order and good government : (Record no. 6058)
[ view plain ]
| 000 -LEADER | |
|---|---|
| fixed length control field | 01121cam a22003255 4500 |
| 001 - CONTROL NUMBER | |
| control field | 6058 |
| 003 - CONTROL NUMBER IDENTIFIER | |
| rucl marc code | BD-RjUL |
| 005 - DATE AND TIME OF LATEST TRANSACTION | |
| control field | 20211208234158.0 |
| 008 - FIXED-LENGTH DATA ELEMENTS--GENERAL INFORMATION | |
| fixed length control field | 140108s1965 onc b 000 0 eng |
| 035 ## - SYSTEM CONTROL NUMBER | |
| System control number | (OCoLC)20435726 |
| System control number | (OCoLC)ocm20435726 |
| System control number | (CStRLIN)NYCG89-B34337 |
| System control number | (BD-RjUL)6097 |
| System control number | (NNC)748121 |
| 040 ## - CATALOGING SOURCE | |
| Transcribing agency | CarP |
| Modifying agency | CStRLIN |
| -- | BD-RjUL |
| -- | NNC |
| Original cataloging agency | BD-RjUL |
| Language of cataloging | eng |
| 041 ## - LANGUAGE CODE | |
| Language code of text/sound track or separate title | eng |
| 082 ## - DEWEY DECIMAL CLASSIFICATION NUMBER | |
| Edition number | 21 |
| Classification number | 320.471 |
| Author mark and year | HAO 1965 |
| 090 ## - LOCALLY ASSIGNED LC-TYPE CALL NUMBER (OCLC); LOCAL CALL NUMBER (OCLC) | |
| Classification number (OCLC) (R) ; Classification number, CALL (RLIN) (NR) | JL65 1965 |
| Local cutter number (OCLC) ; Book number/undivided call number, CALL (RLIN) | .H3 |
| 100 1# - MAIN ENTRY--PERSONAL NAME | |
| Personal name | Hawkins, Gordon, |
| Dates associated with a name | 1921-, |
| 9 (RLIN) | 19046 |
| 245 10 - TITLE STATEMENT | |
| Title | Order and good government : |
| Remainder of title | 33rd Couchiching Conference, C.I.P.A. / |
| Statement of responsibility, etc. | Edited by Gordon Hawkins. |
| 260 ## - PUBLICATION, DISTRIBUTION, ETC. (IMPRINT) | |
| Place of publication, distribution, etc. | Toronto : |
| Name of publisher, distributor, etc. | Published for Canadian Institute on Public Affairs by University of Toronto Press, |
| Date of publication, distribution, etc. | c1965. |
| 300 ## - PHYSICAL DESCRIPTION | |
| Pagination | x, 155 p. ; |
| Size | 23 cm. |
| 504 ## - BIBLIOGRAPHY, ETC. NOTE | |
| Bibliography, etc | Bibliography: p. 152-153. |
| 651 #0 - SUBJECT ADDED ENTRY--GEOGRAPHIC NAME | |
| Geographic name | Canada |
| General subdivision | Politics and government. |
| 9 (RLIN) | 19047 |
| 710 2# - ADDED ENTRY--CORPORATE NAME | |
| Corporate name or jurisdiction name as entry element | Canadian Institute on Public Affairs. |
| 9 (RLIN) | 19048 |
| 711 2# - ADDED ENTRY--MEETING NAME | |
| Meeting name or jurisdiction name as entry element | Couchiching Conference |
| Number of part/section/meeting | (33rd : |
| Date of meeting | 1964 : |
| Location of meeting | Geneva Park, Ont.) |
| 9 (RLIN) | 19049 |
| 942 ## - ADDED ENTRY ELEMENTS (KOHA) | |
| Source of classification or shelving scheme | Dewey Decimal Classification |
| Koha item type | Books |
| Lost status | Source of classification or shelving scheme | Damaged status | Not for loan | Collection code | Permanent Location | Current Location | Shelving location | Date acquired | Source of acquisition | Cost, normal purchase price | Total Checkouts | Full call number | Date last seen | Copy number | Koha item type |
|---|---|---|---|---|---|---|---|---|---|---|---|---|---|---|---|
| Dewey Decimal Classification | Not For Loan | Non-fiction | Central Library, University of Rajshahi | Central Library, University of Rajshahi | 01/04/1967 | Pak American | 13.50 | 320.471 HAO 1965 | 08/01/2014 | C-1 | Books |